QUEST Central Library Banner

Advanced Topics of Strength of Materials (Record no. 7834)

MARC details
000 -LEADER
fixed length control field 00391nmm a2200145 a 4500
082 ## - DEWEY DECIMAL CLASSIFICATION NUMBER
Classification number 620.11JIN
100 1# - MAIN ENTRY--AUTHOR NAME
Personal name Jindal, U. C.
245 10 - TITLE STATEMENT
Title Advanced Topics of Strength of Materials
260 ## - PUBLICATION, DISTRIBUTION, ETC. (IMPRINT)
Place of publication [S.l.] :
Name of publisher Galgotia Publication
Year of publication 1997.
300 ## - PHYSICAL DESCRIPTION
Number of Pages x,356p.
500 ## - GENERAL NOTE
General note Kindle eBook.
650 ## - SUBJECT ADDED ENTRY--TOPICAL TERM
Topical Term Strength of Materials
856 40 - ELECTRONIC LOCATION AND ACCESS
Uniform Resource Identifier http://10.10.170.122:8080/browse/book/20077
942 ## - ADDED ENTRY ELEMENTS (KOHA)
Koha item type Books
Holdings
Withdrawn status Lost status Collection code Home library Current library Date acquired Full call number Accession Number Koha item type Cost, normal purchase price
      Central Library, QUEST, Nawabshah Central Library, QUEST, Nawabshah 18/08/2014 JIN 20086 Books 180.00
      Central Library, QUEST, Nawabshah Central Library, QUEST, Nawabshah 18/08/2014 JIN 20088 Books 180.00
      Central Library, QUEST, Nawabshah Central Library, QUEST, Nawabshah 18/08/2014 JIN 20089 Books 180.00
    Reference Reference Section Reference Section 07/07/2014 JIN (Shelf - 38B) 24700 Books  
    Reference Reference Section Reference Section 18/08/2014 JIN (Shelf - 38B) 20087 Books 180.00

Copyright © 2018,The QUEST, Nawabshah, Shaheed Benazirabad. All rights reserved
Mr. G. Farooq Channar (Librarian) QUEST, Nawabshah, Sindh, Pakistan 67480.
 Ph#: |   0244-9370381-4 Ext. 2308   Email| lib@quest.edu.pk   Web|  http://www.quest.edu.pk